Albums by Cover Art - Post-Grunge - Statistics

General Stats
  • This quiz has been taken 300 times
  • The average score is 7 of 20
Answer Stats
Picture Answer % Correct
Foo Fighters - Foo Fighters
74%
Audioslave - Audioslave
72%
Nickelback - All The Right Reasons
57%
Creed - Human Clay
55%
Bush - Sixteen Stone
54%
Goo Goo Dolls - Dizzy Up the Girl
52%
Three Days Grace - One-X
42%
Matchbox Twenty - Yourself or Someone Like You
37%
3 Doors Down - The Better Life
31%
Live - Throwing Copper
30%
Staind - Break the Cycle
30%
Breaking Benjamin - Phobia
27%
Godsmack - Faceless
26%
Puddle of Mudd - Come Clean
26%
Daughtry - Daughtry
24%
Shinedown - The Sound of Madness
17%
Hoobastank - Hoobastank
15%
Collective Soul - Collective Soul
13%
Alter Bridge - Blackbird
11%
The Pretty Reckless - Light Me Up
9%
No matching quizzes found
Score Distribution
Percent of People with Each Score
Percentile by Number Answered
Your Score History
You have not taken this quiz